Monseñor Emilio Tagle: vigía de la fe
Gespeichert in:
| 1. Verfasser: | |
|---|---|
| Format: | Buch |
| Sprache: | Spanisch |
| Veröffentlicht: |
Valparaíso
Senda
1988
|
| Schlagworte: | |
| Tags: |
Tag hinzufügen
Keine Tags, Fügen Sie den ersten Tag hinzu!
|
MARC
| LEADER | 00000nam a2200000 a 4500 | ||
|---|---|---|---|
| 001 | UCX3210 | ||
| 003 | CL-VaPUC | ||
| 008 | 911014e19880000CL |||||||||||||||||spa|d | ||
| 082 | 0 | 4 | |a 262.12 |b TOL |2 21 |
| 100 | 0 | |a Toledo, David O |e author |9 319303 | |
| 245 | 1 | 0 | |a Monseñor Emilio Tagle: vigía de la fe |
| 300 | |a 263 p | ||
| 942 | |c BK | ||
| 945 | |d 19911014 00:00:00 | ||
| 260 | |a Valparaíso |b Senda |c 1988 | ||
| 500 | |a Incluye fechas importantes en la vida de Monseñor Tagle | ||
| 600 | 0 | 7 | |a TAGLE COVARRUBIAS, EMILIO |2 CL-VaPUC |9 307934 |
| 650 | 7 | |a OBISPOS BIOGRAFIAS |2 CL-VaPUC |9 258541 | |
| 651 | 7 | |a CHILE |2 CL-VaPUC |9 319304 | |
| 583 | |a last modification |c 19911014 00:00:00 |k Rodrigo Vera | ||
| 999 | |c 224017 |d 224015 | ||
| 952 | |0 0 |1 0 |4 0 |6 262_120000000000000_TOL_1988 |7 0 |8 A |9 220359 |a BIBTEO |b BIBTEO |d 2019-11-15 |i 2890895 |l 3 |o 262.12 TOL 1988 |p 2890895 |r 2025-01-17 |s 2024-05-14 |w 2019-11-15 |y BK |k ICR | ||
| 952 | |0 0 |1 0 |4 0 |6 262_120000000000000_TOL_1988 |7 0 |8 X |9 220360 |a FDOBUD |b FDOBUD |d 2019-11-15 |i 4596307 |o 262.12 TOL 1988 |p 4596307 |r 2019-11-15 |w 2019-11-15 |y BK_X |k BUD | ||